Evaluación de la calidad de los servicios turísticos de Costa Rica

محفوظ في:
التفاصيل البيبلوغرافية
المؤلف الرئيسي: Campos Ballard, Barbara
مؤلفون آخرون: Chan Cheng, Xenia
التنسيق: كتاب
منشور في: San José, Costa Rica 1992
الموضوعات:
الوسوم: إضافة وسم
لا توجد وسوم, كن أول من يضع وسما على هذه التسجيلة!

MARC

LEADER 00000nam a2200000Ia 4500
003 007409
005 20221231144303.0
008 140114s1992 cr a m 000 ||s d
040 |c cru CEDI 
090 |a TFG 3124 
100 |a Campos Ballard, Barbara  |9 11324 
245 |a Evaluación de la calidad de los servicios turísticos de Costa Rica  
260 |c 1992  |a San José, Costa Rica 
300 |a  ix, [233] hojas : ilustraciones ; 28 cm.  
500 |a  Proyecto de graduacion (licenciatura en ingenieria industrial)--Universidad de Costa Rica. Facultad de Ingeniería. Escuela de Ingenieria Industrial 
650 |x TURISMO - COSTA RICA  |9 11326 
700 |9 11325  |a Chan Cheng, Xenia 
942 |c TFG  |2 ddc 
999 |c 19623  |d 19623